000 03442nkm0a2200469 4500
001 RU\NLR\bibl\2087461
005 20250806204041.0
020 _aRU
_b1039
_9ЛЕНИНГРАД В ВЕЛИКОЙ ОТЕЧЕСТВЕННОЙ ВОЙНЕ : Печать Ленинграда, 1941 - 1945 : каталог изданий, хранящихся в фондах Гос. Публ. б-ки, вып.2. Листовки, плакаты, открытки, альбомы / Гос. публ. б-ка им. М.Е. Салтыкова-Щедрина. - Ленинград, 1972
035 _a(NLR Aleph) 010199129
071 5 0 _d15 коп.
090 _a75689
_c75689
100 _a20140213d1941 u y0rusy50 ca
101 0 _arus
102 _aRU
116 _aiiyc||||||bi ae
135 _acrcn 024apaba
200 1 _aС Новым годом!
_bИзоматериал
_eпочтовая карточка
_fхуд.: В.И. Курдов
210 _aЛенинград
_cПолиграфмастерская ЛССХ
_d[1941]
215 _a1 л. (1 строка текста)
_cцв. литогр.
_d14,5х10,1
300 _aЦенз. разрешение: М86237
321 1 _aСражающийся Ленинград. Почтовая открытка = Postcard. Leningrad in strugle : энциклопедический каталог / А.Д. Гдалин, М.Р. Иванова ; [Союз проф. литераторов России и др.]. - Санкт-Петербург : Инфо-Да, 2007.
_c057
325 1 _aЭлектронная копия доступна в Электронной библиотеке РНБ
327 0 _aДед Мороз с мешками подарков (самолеты, артиллерийские орудия, танки), на одном флаг Великобритании, на другом флаг США и надпись "1942 г."
540 1 _aДед Мороз с мешками подарков (самолеты, артиллерийские орудия, танки), на одном флаг Великобритании, на другом флаг США и надпись "1942 г."
606 1 _aБлокада Ленинграда
_z1941 - 1944
_xИзображение на почтовых открытках маркированных художественных
_z1941 - 1945
_2nlr_sh2
_3RU\NLR\auth\6601539002
686 _aЩ153(2Р=Рус)7-489
686 _aЩ153(2Р=Рус)7-3
700 1 _aКурдов
_bВ. И.
_cхудожник
_f1905-1989
_gВалентин Иванович
_3RU\NLR\auth\7773804
_4040
801 0 _aRU
_bNLR
_c19720101
_gPSBO
801 1 _aRU
_bNLR
_c20140213
_gRCR
852 _aNLR
_bЛ3-310о
_j29/7-1941-4
856 0 _uhttp://vivaldi.nlr.ru/lo000070478/view
856 1 _uhttp://vivaldi.nlr.ru/lo000070478/cover
856 2 _uhttp://vivaldi.nlr.ru/lo000070478/text
901 _eИзографические материалы
942 _cVISUAL
945 _aРоссийская национальная библиотека
980 _aBV
981 3 7 _a(37) Ленинград в Великой Отечественной войне
_b(37) Открытки блокадного Ленинграда
981 1 7 _a(17) Изографические материалы
_b(17) Открытки